All Incorporated Municipalities of Worcester County, Massachusetts - Statistics

General Stats
  • This quiz has been taken 8 times
    7 since last reset
  • The average score is 23 of 60
Answer Stats
Answer % Correct
Athol
80%
Fitchburg
80%
Gardner
80%
Sturbridge
80%
Auburn
60%
Barre
60%
Lancaster
60%
Leicester
60%
Leominster
60%
Northbridge
60%
Paxton
60%
Princeton
60%
Rutland
60%
Southbridge (CITY)
60%
Uxbridge
60%
Westminster
60%
Winchendon
60%
Worcester
60%
Ashburnham
40%
Blackstone
40%
Charlton
40%
Harvard
40%
Holden
40%
Milford
40%
Millbury
40%
Millville
40%
New Braintree
40%
Oxford
40%
Petersham
40%
Royalston
40%
Shrewsbury
40%
Spencer
40%
Sutton
40%
Templeton
40%
Warren
40%
Berlin
20%
Bolton
20%
Boylston
20%
Clinton
20%
Douglas
20%
Dudley
20%
East Brookfield
20%
Grafton
20%
Hardwick
20%
Hopedale
20%
Hubbardston
20%
Lunenburg
20%
Mendon
20%
Northborough
20%
Oakham
20%
Philipston
20%
Southborough
20%
Upton
20%
Webster
20%
Westborough
20%
West Boylston
20%
West Brookfield
20%
Brookfield
0%
North Brookfield
0%
Sterling
0%
No matching quizzes found
Score Distribution
Percent of People with Each Score
Percentile by Number Answered
Your Score History
You have not taken this quiz since the last reset